000 00298nam a22001337a 4500
008 170307b xxu||||| |||| 00| 0 eng d
020 _a9780895822703
041 _aeng
080 _22 ED
_a611
100 _a6
101 _aSHM
245 _aANATOMY PHYSIOLOGY LABORATORY.
_cVAN.K
942 _2udc
_cBK
999 _c6957
_d6957